000 00343nam a2200157Ia 4500
008 210210b1913 xxu||||| |||| 00| 0 eng d
041 _aeng
082 _a534/17
100 _aCAPSTICK (J W)
245 _aSound
260 _aCambridge
_bUniversity Press
_c1913
300 _a296
650 _aSound
690 _aSound
906 _a008505
999 _c126440
_d126440